[Event "Berlin Lichtenberger op 15th"]
[Site "Berlin"]
[Date "2016.08.17"]
[Round "5"]
[White "Petersen, Moritz"]
[Black "Friedrich, Gerhard"]
[Result "0-1"]
[WhiteElo "1729"]
[BlackElo "1930"]
[PlyCount "36"]
[EventDate "2016.08.13"]
[EventType "swiss"]
[EventRounds "9"]
[EventCountry "GER"]
[SourceTitle "CBM 173 Extra"]
[Source "ChessBase"]
[SourceDate "2016.08.29"]
[SourceVersion "1"]
[SourceVersionDate "2016.08.29"]
[SourceQuality "1"]

1. d4 d5 2. Nf3 e6 3. Bf4 Nf6 4. e3 c5 5. c3 Nc6 6. Nbd2 Be7 7. Be2 0-0 8. 0-0 Nh5 9. g3 Nf6 10. Ne5 Nd7 11. Nxc6 bxc6 12. Bd3 f5 13. Be5 cxd4 14. exd4 c5 15. f4 Nxe5 16. dxe5 c4 17. Be2 Qb6+ 18. Kh1 Qxb2 0-1

[Event "Berlin Lichtenberger op 15th"]
[Site "Berlin"]
[Date "2016.08.14"]
[Round "2"]
[White "Schmole Rostosky, Joachim"]
[Black "Petersen, Moritz"]
[Result "0-1"]
[WhiteElo "1580"]
[BlackElo "1729"]
[PlyCount "105"]
[EventDate "2016.08.13"]
[EventType "swiss"]
[EventRounds "9"]
[EventCountry "GER"]
[SourceTitle "CBM 173 Extra"]
[Source "ChessBase"]
[SourceDate "2016.08.29"]
[SourceVersion "1"]
[SourceVersionDate "2016.08.29"]
[SourceQuality "1"]

1. e4 e6 2. d3 d5 3. Nd2 c5 4. g3 Nc6 5. Bg2 Nf6 6. Ne2 Be7 7. 0-0 b6 8. Nf4 Bb7 9. Re1 Rb8 10. c3 d4 11. c4 Ne5 12. Nf3 Nxf3+ 13. Bxf3 e5 14. Nd5 0-0 15. Nxe7+ Qxe7 16. Bg2 Nd7 17. f4 exf4 18. Bxf4 Ne5 19. Bxe5 Qxe5 20. Qg4 Rbe8 21. Qf4 Bc8 22. Qxe5 Rxe5 23. Rf1 Rfe8 24. Bf3 Bd7 25. b3 g6 26. a4 a5 27. Rae1 f5 28. Bg2 fxe4 29. Bxe4 Bf5 30. Bd5+ Kg7 31. Rxe5 Rxe5 32. Rf3 Re3 33. Rxe3 dxe3 34. Be4 Bxe4 35. dxe4 Kf6 36. Kg2 Ke5 37. Kf3 e2 38. Kxe2 Kxe4 39. g4 g5 40. Kd2 Kd4 41. Kc2 Ke3 42. Kc3 Ke2 43. h3 h6 44. Kc2 Kf3 45. Kd3 Kf4 46. Ke2 Kg3 47. Ke3 Kxh3 48. Kf3 Kh4 49. Ke4 Kxg4 50. Kd5 h5 51. Kc6 h4 52. Kxb6 h3 53. Kxa5 0-1

[Event "Berlin Lichtenberger op 15th"]
[Site "Berlin"]
[Date "2016.08.13"]
[Round "1"]
[White "Petersen, Moritz"]
[Black "Hermannsdoerfer, Frank"]
[Result "0-1"]
[WhiteElo "1729"]
[BlackElo "2188"]
[PlyCount "106"]
[EventDate "2016.08.13"]
[EventType "swiss"]
[EventRounds "9"]
[EventCountry "GER"]
[SourceTitle "CBM 173 Extra"]
[Source "ChessBase"]
[SourceDate "2016.08.29"]
[SourceVersion "1"]
[SourceVersionDate "2016.08.29"]
[SourceQuality "1"]

1. d4 d6 2. g3 Nf6 3. Bg2 c6 4. Nf3 Bf5 5. b3 Qa5+ 6. Nbd2 Qc3 7. Ba3 Qxc2 8. Qxc2 Bxc2 9. Rc1 Bf5 10. Nh4 Bg6 11. Nxg6 hxg6 12. Nc4 Rh5 13. b4 b6 14. Bf3 Rb5 15. 0-0 a5 16. bxa5 d5 17. Nxb6 Rxb6 18. axb6 Rxa3 19. Rc2 e6 20. Rb1 Nfd7 21. e3 Kd8 22. Be2 Ra5 23. b7 Ra7 24. Bd3 Kc7 25. Rcb2 Ba3 26. Rb3 Bd6 27. R3b2 c5 28. dxc5 Nxc5 29. Bb5 Rxb7 30. Be8 Rxb2 31. Rxb2 f6 32. Bxg6 Nc6 33. Rb1 Ne5 34. Bc2 Nc4 35. Bb3 Nd2 36. Rb2 Ncxb3 37. axb3 Bb4 38. Ra2 Kb6 39. Ra8 e5 40. Rb8+ Kc5 41. Rg8 g5 42. Rf8 d4 43. exd4+ exd4 44. Rxf6 d3 45. Rf5+ Kd4 46. Rf7 Kc3 47. h4 g4 48. Kg2 Bc5 49. h5 Nf3 50. Rd7 d2 51. Rd6 Nd4 52. h6 d1Q 53. h7 Qf3+ 0-1

[Event "Berlin Lichtenberger op 13th"]
[Site "Berlin"]
[Date "2014.08.16"]
[Round "1"]
[White "Petersen, Moritz"]
[Black "Tscheuschner, Georg"]
[Result "1-0"]
[WhiteElo "1711"]
[BlackElo "1967"]
[PlyCount "81"]
[EventDate "2014.08.16"]
[EventType "swiss"]
[EventRounds "9"]
[EventCountry "GER"]
[SourceTitle "CBM 161 Extra"]
[Source "ChessBase"]
[SourceDate "2014.08.29"]
[SourceVersion "1"]
[SourceVersionDate "2014.08.29"]
[SourceQuality "1"]

1. d4 Nf6 2. Nf3 g6 3. c4 Bg7 4. Nc3 0-0 5. e4 d6 6. Be2 e5 7. d5 Nbd7 8. Be3 a5 9. Nd2 Nc5 10. 0-0 Nfd7 11. a3 a4 12. b4 axb3 13. Nxb3 f5 14. f3 Qe7 15. Qc2 f4 16. Bf2 g5 17. Nb5 Nxb3 18. Qxb3 Nc5 19. Qc2 h5 20. Rfd1 b6 21. a4 Nb7 22. Be1 Na5 23. Bb4 g4 24. Qc3 Qh4 25. Bf1 gxf3 26. gxf3 Rf7 27. Bxa5 bxa5 28. Kh1 Bf8 29. Be2 Bh3 30. Rg1+ Kh7 31. Bf1 Bh6 32. Bxh3 Qxh3 33. Rg2 Rg8 34. Rxg8 Kxg8 35. Rg1+ Kh7 36. Qd3 Bf8 37. Qf1 Qc8 38. Qf2 Be7 39. Qg2 Kh8 40. Qg6 Rh7 41. Nxc7 1-0

[Event "GER-chT North U16"]
[Site "Berlin"]
[Date "2012.09.09"]
[Round "7.2"]
[White "Petersen, Moritz"]
[Black "Geyer, Hannes"]
[Result "1-0"]
[WhiteElo "1549"]
[BlackElo "1423"]
[PlyCount "43"]
[EventDate "2012.09.06"]
[EventType "team-swiss"]
[EventRounds "7"]
[EventCountry "GER"]
[SourceTitle "EXT 2015"]
[Source "ChessBase"]
[SourceDate "2014.11.20"]
[SourceVersion "1"]
[SourceVersionDate "2014.11.20"]
[SourceQuality "1"]
[WhiteTeam "SV "]
[BlackTeam "Halle USV"]
[WhiteTeamCountry "GER"]
[BlackTeamCountry "GER"]

1. d4 d5 2. Nf3 Nf6 3. c4 e6 4. g3 Bb4+ 5. Bd2 Bxd2+ 6. Nbxd2 0-0 7. Bg2 Nc6 8. 0-0 Re8 9. e3 e5 10. dxe5 Nxe5 11. Nxe5 Rxe5 12. cxd5 Nxd5 13. Nc4 Re7 14. Qxd5 Be6 15. Qxd8+ Rxd8 16. Rfd1 Red7 17. Rxd7 Rxd7 18. b3 c6 19. Bf3 g6 20. Rd1 Rc7 21. Kf1 Rc8 22. Na5 1-0

[Event "GER-chT North U16"]
[Site "Berlin"]
[Date "2012.09.08"]
[Round "5.2"]
[White "Worpenberg, Lukas"]
[Black "Petersen, Moritz"]
[Result "1/2-1/2"]
[WhiteElo "1676"]
[BlackElo "1549"]
[PlyCount "80"]
[EventDate "2012.09.06"]
[EventType "team-swiss"]
[EventRounds "7"]
[EventCountry "GER"]
[SourceTitle "EXT 2015"]
[Source "ChessBase"]
[SourceDate "2014.11.20"]
[SourceVersion "1"]
[SourceVersionDate "2014.11.20"]
[SourceQuality "1"]
[WhiteTeam "Hagen"]
[BlackTeam "SV "]
[WhiteTeamCountry "GER"]
[BlackTeamCountry "GER"]

1. e4 e6 2. d4 d5 3. exd5 exd5 4. Bd3 Bd6 5. Nc3 c6 6. Nge2 Qc7 7. Be3 Ne7 8. Qd2 Bf5 9. 0-0-0 Nd7 10. Ng3 Bxd3 11. Qxd3 0-0-0 12. Nf5 g6 13. Nxd6+ Qxd6 14. Ne2 Nf5 15. Bf4 Qb4 16. Ng3 Nxg3 17. Qxg3 Rde8 18. Bd6 Qa5 19. Kb1 Re6 20. c3 Rhe8 21. f3 Re2 22. Rhe1 Qb5 23. Ba3 f5 24. f4 Nf6 25. Kc1 R8e3 26. Qxe3 Rxe3 27. Rxe3 Ne4 28. Rde1 Qa5 29. R1e2 Qc7 30. g3 Qd7 31. Bc5 b6 32. Bf8 Qf7 33. Bb4 Kd7 34. Kc2 Qe8 35. b3 Qe6 36. Kd3 b5 37. Bc5 a6 38. Ba7 Kc7 39. Bc5 Kb7 40. Bf8 a5 1/2-1/2

[Event "GER-chT North U16"]
[Site "Berlin"]
[Date "2012.09.06"]
[Round "1.2"]
[White "Spaet, Alexander"]
[Black "Petersen, Moritz"]
[Result "1-0"]
[WhiteElo "1839"]
[BlackElo "1549"]
[PlyCount "51"]
[EventDate "2012.09.06"]
[EventType "team-swiss"]
[EventRounds "7"]
[EventCountry "GER"]
[SourceTitle "EXT 2015"]
[Source "ChessBase"]
[SourceDate "2014.11.20"]
[SourceVersion "1"]
[SourceVersionDate "2014.11.20"]
[SourceQuality "1"]
[WhiteTeam "Hamburg Koenigsspringer"]
[BlackTeam "SV "]
[WhiteTeamCountry "GER"]
[BlackTeamCountry "GER"]

1. e4 e6 2. d4 d5 3. Nc3 Nf6 4. e5 Nfd7 5. f4 c5 6. Nf3 Nc6 7. Be3 a6 8. Qd2 b5 9. Nd1 cxd4 10. Nxd4 Nxd4 11. Bxd4 Bb7 12. Be2 Nc5 13. Bf3 Be7 14. 0-0 Qd7 15. Ne3 0-0 16. Rae1 Rfd8 17. g4 Ne4 18. Qg2 Bc5 19. c3 Bxd4 20. cxd4 Qe7 21. f5 Qb4 22. Rd1 Rac8 23. g5 Qf8 24. Bxe4 dxe4 25. fxe6 Kh8 26. Rxf7 1-0

[Event "Berlin Lichtenberger op 9th"]
[Site "Berlin"]
[Date "2010.08.15"]
[Round "9"]
[White "Hempel Morgenstern, Markus"]
[Black "Petersen, Moritz"]
[Result "1/2-1/2"]
[WhiteElo "1564"]
[BlackElo "1287"]
[PlyCount "53"]
[EventDate "2010.08.07"]
[EventType "swiss"]
[EventRounds "9"]
[EventCountry "GER"]
[SourceTitle "CBM 137 Extra"]
[Source "ChessBase"]
[SourceDate "2010.09.01"]
[SourceVersion "1"]
[SourceVersionDate "2010.09.01"]
[SourceQuality "1"]

1. f4 d5 2. e3 Nf6 3. b3 Bf5 4. Nf3 Nbd7 5. Bb2 e6 6. Be2 Bd6 7. 0-0 Rg8 8. Ne5 h6 9. d3 c6 10. g4 Bg6 11. Nxg6 fxg6 12. Nd2 Qc7 13. Qe1 0-0-0 14. Qf2 e5 15. c4 exf4 16. exf4 dxc4 17. dxc4 g5 18. f5 Ne5 19. h3 b6 20. Qg2 Bc5+ 21. Kh1 Rxd2 22. Bc3 Rd7 23. Bxe5 Qxe5 24. Qxc6+ Qc7 25. Qa8+ Qb8 26. Qc6+ Rc7 27. Qe6+ 1/2-1/2

[Event "Berlin Lichtenberger op 9th"]
[Site "Berlin"]
[Date "2010.08.11"]
[Round "5"]
[White "Kasper, Peter"]
[Black "Petersen, Moritz"]
[Result "1/2-1/2"]
[WhiteElo "1846"]
[BlackElo "1287"]
[PlyCount "52"]
[EventDate "2010.08.07"]
[EventType "swiss"]
[EventRounds "9"]
[EventCountry "GER"]
[SourceTitle "CBM 137 Extra"]
[Source "ChessBase"]
[SourceDate "2010.09.01"]
[SourceVersion "1"]
[SourceVersionDate "2010.09.01"]
[SourceQuality "1"]

1. e4 e6 2. d4 d5 3. exd5 exd5 4. Nf3 Nf6 5. Be2 Bd6 6. h3 h6 7. 0-0 0-0 8. c4 dxc4 9. Bxc4 Bf5 10. Nc3 Re8 11. Bd3 Bxd3 12. Qxd3 Nc6 13. a3 Ne7 14. Be3 Ned5 15. Nxd5 Nxd5 16. Bd2 c6 17. Rfe1 Qf6 18. Re4 Kf8 19. Rae1 Rad8 20. Ne5 Bxe5 21. dxe5 Qg6 22. Qe2 Nc7 23. f4 c5 24. Qf2 b6 25. f5 Qc6 26. e6 Kg8 1/2-1/2